Encyclopedia of catalysis / (Record no. 20777)
[ view plain ]
| 000 -LEADER | |
|---|---|
| fixed length control field | 01117cam a22003375a 4500 |
| 001 - CONTROL NUMBER | |
| control field | 12892499 |
| 005 - DATE AND TIME OF LATEST TRANSACTION | |
| control field | 20150913153814.0 |
| 008 - FIXED-LENGTH DATA ELEMENTS--GENERAL INFORMATION | |
| fixed length control field | 020813t2003 njua frbe 001 0 eng d |
| 020 ## - INTERNATIONAL STANDARD BOOK NUMBER | |
| International Standard Book Number | 0471241830 (sixe volume set) |
| 020 ## - INTERNATIONAL STANDARD BOOK NUMBER | |
| Cancelled/invalid ISBN | 0471229722 (v. 1) |
| 020 ## - INTERNATIONAL STANDARD BOOK NUMBER | |
| International Standard Book Number | 0471229784 (v. 2) |
| 020 ## - INTERNATIONAL STANDARD BOOK NUMBER | |
| International Standard Book Number | 0471229776 (v. 3) |
| 020 ## - INTERNATIONAL STANDARD BOOK NUMBER | |
| International Standard Book Number | 0471229768 (v. 4) |
| 020 ## - INTERNATIONAL STANDARD BOOK NUMBER | |
| International Standard Book Number | 0471425524 (v. 5) |
| 020 ## - INTERNATIONAL STANDARD BOOK NUMBER | |
| International Standard Book Number | 0471425532 (v. 6) |
| 040 ## - CATALOGING SOURCE | |
| Original cataloging agency | DLC |
| Language of cataloging | eng |
| Transcribing agency | DLC |
| Modifying agency | EG-ScBUE |
| 082 04 - DEWEY DECIMAL CLASSIFICATION NUMBER | |
| Classification number | 660.299503 |
| Item number | ENC |
| Edition number | 22 |
| 245 00 - TITLE STATEMENT | |
| Title | Encyclopedia of catalysis / |
| Statement of responsibility, etc | [editor-in-chief] István T. Horváth. |
| 260 ## - PUBLICATION, DISTRIBUTION, ETC. (IMPRINT) | |
| Place of publication, distribution, etc | Hoboken : |
| Name of publisher, distributor, etc | Wiley-Interscience / John Wiley & Sons, Inc., |
| Date of publication, distribution, etc | c.2003. |
| 300 ## - PHYSICAL DESCRIPTION | |
| Extent | 6 v. : |
| Other physical details | ill. ; |
| Dimensions | 26 cm. |
| 500 ## - GENERAL NOTE | |
| General note | Index : v. 6, p. 697-770. |
| 500 ## - GENERAL NOTE | |
| General note | Also available in an online in full color. |
| 504 ## - BIBLIOGRAPHY, ETC. NOTE | |
| Bibliography, etc | Includes bibliographical references. |
| 650 #0 - SUBJECT ADDED ENTRY--TOPICAL TERM | |
| Topical term or geographic name as entry element | Catalysis |
| Form subdivision | Encyclopedias. |
| Source of heading or term | BUEsh |
| 650 #0 - SUBJECT ADDED ENTRY--TOPICAL TERM | |
| Topical term or geographic name as entry element | Catalysts |
| Form subdivision | Encyclopedias. |
| Source of heading or term | BUEsh |
| 651 ## - SUBJECT ADDED ENTRY--GEOGRAPHIC NAME | |
| Source of heading or term | BUEsh |
| 653 ## - INDEX TERM--UNCONTROLLED | |
| Resource For college | Engineering, Chemical |
| Arrived date list | August2015 |
| 655 ## - INDEX TERM--GENRE/FORM | |
| Form subdivision | |
| -- | 34232 |
| 700 1# - ADDED ENTRY--PERSONAL NAME | |
| Personal name | Horváth, István T., |
| Relator term | editor. |
| 942 ## - ADDED ENTRY ELEMENTS (KOHA) | |
| Source of classification or shelving scheme | Dewey Decimal Classification |
| Call number prefix | 660.299503 ENC |
| Withdrawn status | Lost status | Source of classification or shelving scheme | Damaged status | Not for loan | Koha collection | Home library | Current library | Shelving location | Date acquired | Source of acquisition | Cost, normal purchase price | Serial Enumeration / chronology | Total Checkouts | Full call number | Barcode | Date last seen | Cost, replacement price | Koha item type | Public note |
|---|---|---|---|---|---|---|---|---|---|---|---|---|---|---|---|---|---|---|---|
| Dewey Decimal Classification | Baccah | Central Library | Central Library | Ground Floor | 31/08/2015 | 26100.00 | 23317 | 660.299503 ENC | 000030905 | 15/07/2025 | 32625.00 | Reference (NB) | VOL. 1. | ||||||
| Dewey Decimal Classification | Baccah | Central Library | Central Library | Ground Floor | 31/08/2015 | 26100.00 | 23317 | 660.299503 ENC | 000030843 | 15/07/2025 | 32625.00 | Reference (NB) | VOL. 2. | ||||||
| Dewey Decimal Classification | Baccah | Central Library | Central Library | Ground Floor | 31/08/2015 | 26100.00 | 23317 | 660.299503 ENC | 000030844 | 15/07/2025 | 32625.00 | Reference (NB) | VOL. 3. | ||||||
| Dewey Decimal Classification | Baccah | Central Library | Central Library | Ground Floor | 31/08/2015 | 26100.00 | 23317 | 660.299503 ENC | 000030845 | 15/07/2025 | 32625.00 | Reference (NB) | VOL. 4. | ||||||
| Dewey Decimal Classification | Baccah | Central Library | Central Library | Ground Floor | 31/08/2015 | 26100.00 | 23317 | 660.299503 ENC | 000030846 | 15/07/2025 | 26100.00 | Reference (NB) | VOL. 5. | ||||||
| Dewey Decimal Classification | Baccah | Central Library | Central Library | Ground Floor | 31/08/2015 | 26100.00 | 23317 | 660.299503 ENC | 000030847 | 15/07/2025 | 26100.00 | Reference (NB) | VOL. 6. |